[Event "XXVI Festival Conca della Presolana A"]
[Site "Bratto - Castione della Presolana ITA"]
[Date "2006.08.19"]
[Round "1"]
[White "Ferro, Mario"]
[Black "Brun, Dario"]
[Result "1-0"]
[WhiteElo "2238"]
[BlackElo "2040"]
[PlyCount "53"]
[EventDate "2006.08.19"]

1. Nf3 d5 2. d4 Nf6 3. c4 c6 4. Nc3 e6 5. Bg5 dxc4 6. e4 b5 7. e5 h6 8. Bh4 g5
9. Nxg5 hxg5 10. Bxg5 Nbd7 11. Qf3 Qb6 12. exf6 Bb7 13. Be3 c5 14. Qf4 O-O-O
15. Rd1 Qa5 16. dxc5 Bxc5 17. Rxd7 Rxd7 18. Bxc5 Rhd8 19. a3 Rd1+ 20. Ke2 R1d3
21. f3 Rxc3 22. bxc3 Qxc3 23. Kf2 Rd2+ 24. Be2 Qb2 25. Qe3 Bd5 26. Bb4 Rc2 27.
Qc5+ 1-0

[Event "XXVI Festival Conca della Presolana A"]
[Site "Bratto - Castione della Presolana ITA"]
[Date "2006.08.19"]
[Round "1"]
[White "Fierro Baquero, Martha Lorena"]
[Black "Mazzariol, Oscar"]
[Result "1-0"]
[WhiteElo "2314"]
[BlackElo "2066"]
[PlyCount "51"]
[EventDate "2006.08.19"]

1. e4 c5 2. Nf3 e6 3. d4 cxd4 4. Nxd4 Nf6 5. Bd3 a6 6. Qe2 d6 7. O-O Nbd7 8.
Be3 b5 9. f4 Bb7 10. Nd2 e5 11. Nf5 g6 12. Ng3 Bg7 13. a4 O-O 14. axb5 axb5 15.
Bxb5 d5 16. fxe5 Rxa1 17. Rxa1 Nxe5 18. Bc5 Nfg4 19. Ra3 dxe4 20. Ndxe4 f5 21.
Nd6 Ba8 22. h3 Qc7 23. b4 Nh6 24. Ra7 Qd8 25. Rxg7+ Kxg7 26. Qxe5+ 1-0

[Event "XXVI Festival Conca della Presolana A"]
[Site "Bratto - Castione della Presolana ITA"]
[Date "2006.08.19"]
[Round "1"]
[White "Fontana, Enrico"]
[Black "Groszpeter, Attila"]
[Result "0-1"]
[WhiteElo "2122"]
[BlackElo "2511"]
[PlyCount "108"]
[EventDate "2006.08.19"]

1. d4 Nf6 2. Nc3 d5 3. Bg5 Bf5 4. f3 Nbd7 5. Nxd5 Nxd5 6. e4 f6 7. Bh4 Ne3 8.
Qd3 Nxf1 9. exf5 Ne5 10. Qc3 Nc6 11. O-O-O Qd5 12. Ne2 Qxa2 13. Rhxf1 O-O-O 14.
Qa3 Qxa3 15. bxa3 g6 16. fxg6 hxg6 17. Bg3 e5 18. Kb2 Nxd4 19. Nxd4 exd4 20.
Rfe1 Rh5 21. Re6 Rb5+ 22. Ka2 Rb6 23. Rxb6 axb6 24. a4 Bb4 25. Kb3 c5 26. Be1
Bxe1 27. Rxe1 Kc7 28. Re6 d3 29. cxd3 Rxd3+ 30. Kc4 Rd2 31. Rxf6 Rxg2 32. Rf7+
Kb8 33. Rf6 Ka7 34. h3 Rh2 35. Rxg6 Rxh3 36. Rf6 Rh1 37. Kd5 Rd1+ 38. Ke5 Rd8
39. Rf4 b5 40. axb5 Kb6 41. Rg4 Kxb5 42. f4 c4 43. Rg7 Kc6 44. f5 b5 45. f6 c3
46. Rg2 b4 47. f7 Rf8 48. Ke6 Kb5 49. Rg8 Rxf7 50. Kxf7 c2 51. Rb8+ Ka4 52. Rc8
b3 53. Ke6 Ka3 54. Kd5 Kb2 0-1

[Event "XXVI Festival Conca della Presolana A"]
[Site "Bratto - Castione della Presolana ITA"]
[Date "2006.08.19"]
[Round "1"]
[White "Forato, Enrico"]
[Black "Rorato, Renzo"]
[Result "0-1"]
[WhiteElo "1949"]
[BlackElo "2149"]
[PlyCount "46"]
[EventDate "2006.08.19"]

1. e4 c5 2. Nf3 d6 3. d4 cxd4 4. Nxd4 Nf6 5. Nc3 a6 6. Be2 e6 7. O-O Be7 8. f4
Nc6 9. Be3 Qc7 10. f5 O-O 11. g4 d5 12. exd5 Nxd5 13. Nxd5 exd5 14. Nxc6 bxc6
15. Bd3 f6 16. Qf3 Bd6 17. Rf2 Bb7 18. c4 d4 19. Bd2 Rae8 20. g5 c5 21. Qh5 Qc6
22. Re2 Rxe2 23. Bxe2 Qg2# 0-1

[Event "XXVI Festival Conca della Presolana A"]
[Site "Bratto - Castione della Presolana ITA"]
[Date "2006.08.19"]
[Round "1"]
[White "Frilli, Guido"]
[Black "Pesce, Gabriele"]
[Result "1-0"]
[WhiteElo "2154"]
[BlackElo "2006"]
[PlyCount "51"]
[EventDate "2006.08.19"]

1. e4 c5 2. c3 d5 3. exd5 Qxd5 4. d4 Nf6 5. Nf3 Bg4 6. Be2 e6 7. O-O Nc6 8. h3
Bh5 9. c4 Qd6 10. d5 exd5 11. cxd5 Nxd5 12. Na3 O-O-O 13. Nb5 Qd7 14. Qa4 a6
15. Nc3 Ncb4 16. Qb3 Qc7 17. Rd1 Nxc3 18. Rxd8+ Qxd8 19. bxc3 Nc6 20. Bf4 Bg6
21. Rd1 Qf6 22. Bg5 Qe6 23. Bc4 Qe8 24. Qb6 h6 25. Bf4 Ne5 26. Nxe5 1-0

[Event "XXVI Festival Conca della Presolana A"]
[Site "Bratto - Castione della Presolana ITA"]
[Date "2006.08.19"]
[Round "1"]
[White "Gasperoni, Stefano"]
[Black "Vivo, Mario"]
[Result "0-1"]
[WhiteElo "2009"]
[BlackElo "2165"]
[PlyCount "46"]
[EventDate "2006.08.19"]

1. e4 c5 2. Nf3 e6 3. d4 cxd4 4. Nxd4 Nf6 5. Nc3 Qb6 6. Nb3 Bb4 7. Bd3 Bxc3+ 8.
bxc3 d6 9. O-O O-O 10. Bg5 Nbd7 11. Rb1 Qc7 12. c4 b6 13. Nd4 a6 14. Kh1 Bb7
15. Qe2 Kh8 16. f4 Nc5 17. e5 Nfe4 18. Nb3 Nc3 19. Qh5 Nxd3 20. cxd3 Nxb1 21.
Qh4 Nc3 22. Bf6 Rg8 23. f5 gxf6 0-1

[Event "XXVI Festival Conca della Presolana A"]
[Site "Bratto - Castione della Presolana ITA"]
[Date "2006.08.19"]
[Round "1"]
[White "Gazzarri, Alberto"]
[Black "Sala, Sergio"]
[Result "1/2-1/2"]
[WhiteElo "2143"]
[BlackElo "1902"]
[PlyCount "52"]
[EventDate "2006.08.19"]

1. e4 Nf6 2. e5 Nd5 3. c4 Nb6 4. c5 Nd5 5. Nc3 e6 6. d4 Nxc3 7. bxc3 d6 8. cxd6
cxd6 9. f4 dxe5 10. fxe5 Qh4+ 11. g3 Qe4+ 12. Kf2 Qxh1 13. Nf3 Bd7 14. Qb3 Bc6
15. Bg2 Bxf3 16. Kxf3 Qxh2 17. Qxb7 Be7 18. Qc8+ Bd8 19. Ba3 Qh5+ 20. Kf2 Qf5+
21. Kg1 Nd7 22. Bxa8 Qd3 23. Rc1 Qxg3+ 24. Kf1 Qd3+ 25. Ke1 Qe3+ 26. Kd1 Qd3+
1/2-1/2

[Event "XXVI Festival Conca della Presolana A"]
[Site "Bratto - Castione della Presolana ITA"]
[Date "2006.08.19"]
[Round "1"]
[White "Godena, Michele"]
[Black "Zoldan, Matteo"]
[Result "1-0"]
[WhiteElo "2528"]
[BlackElo "2127"]
[PlyCount "65"]
[EventDate "2006.08.19"]

1. e4 c5 2. Nf3 e6 3. c3 d5 4. exd5 Qxd5 5. d4 Nf6 6. Na3 Be7 7. Nb5 Na6 8. c4
Qd8 9. Be2 O-O 10. O-O cxd4 11. a3 Nc5 12. Nbxd4 a5 13. b3 Ne8 14. Be3 f6 15.
Nf5 exf5 16. Qxd8 Bxd8 17. Bxc5 Rf7 18. Rad1 Be7 19. Bxe7 Rxe7 20. Rfe1 Nc7 21.
Nd4 Kf7 22. c5 Bd7 23. Bf3 Rxe1+ 24. Rxe1 Rb8 25. b4 axb4 26. axb4 Na6 27. Bd5+
Kf8 28. Rb1 Nc7 29. Bf3 Na6 30. Be2 Ke7 31. c6 Bc8 32. cxb7 Bxb7 33. Bxa6 1-0

[Event "XXVI Festival Conca della Presolana A"]
[Site "Bratto - Castione della Presolana ITA"]
[Date "2006.08.19"]
[Round "1"]
[White "Grooten, Herman"]
[Black "Radice, Luca"]
[Result "1/2-1/2"]
[WhiteElo "2362"]
[BlackElo "2081"]
[PlyCount "240"]
[EventDate "2006.08.19"]

1. d4 d5 2. c4 e6 3. Nc3 Nf6 4. Bg5 Be7 5. e3 h6 6. Bxf6 Bxf6 7. Nf3 c6 8. Qd2
Nd7 9. e4 dxe4 10. Nxe4 Qc7 11. Nxf6+ Nxf6 12. Be2 c5 13. O-O O-O 14. dxc5 Qxc5
15. b4 Qc7 16. Rad1 Bd7 17. Qd6 Rfc8 18. Ne5 Be8 19. f4 a5 20. b5 Qxd6 21. Rxd6
Ne4 22. Rb6 Rc7 23. Rc1 Rd8 24. Nd3 Rd6 25. c5 Rxb6 26. cxb6 Rxc1+ 27. Nxc1 a4
28. Nd3 Bxb5 29. Nf2 Bc6 30. Bf3 f5 31. Bxe4 fxe4 32. Nd1 Kf8 33. Kf2 Ke7 34.
Ke3 Kd6 35. Kd4 a3 36. g4 g5 37. f5 e5+ 38. Ke3 Bd5 39. Nc3 Kc5 40. Nxd5 Kxd5
41. h3 Kc5 42. Kxe4 Kd6 43. Kd3 Kd5 44. Kc2 e4 45. Kc3 Kc5 46. Kb3 Kd5 47. Kb4
Kd4 48. Kb3 Kd5 49. Kc3 Kc5 50. Kd2 Kd5 51. Ke2 Kd6 52. Kf2 Kd5 53. Kg2 Kd6 54.
Kg3 Ke5 55. h4 gxh4+ 56. Kxh4 e3 57. Kg3 Ke4 58. f6 Kd3 59. f7 e2 60. Kf2 Kd2
61. f8=Q e1=Q+ 62. Kg2 Qe2+ 63. Qf2 Kd3 64. Qxe2+ Kxe2 65. Kg3 Ke3 66. Kh4 Kd3
67. Kh5 Kc3 68. Kxh6 Kb2 69. g5 Kxa2 70. g6 Kb2 71. g7 a2 72. g8=Q a1=Q 73.
Qg7+ Ka2 74. Qxb7 Qf6+ 75. Kh7 Qf5+ 76. Kg8 Qg6+ 77. Kf8 Qd6+ 78. Ke8 Qe6+ 79.
Kf8 Qd6+ 80. Kf7 Qf4+ 81. Ke6 Qh6+ 82. Ke5 Qg5+ 83. Kd4 Qd2+ 84. Kc4 Qe2+ 85.
Kc5 Qe3+ 86. Kb5 Qb3+ 87. Kc5 Qe3+ 88. Kc4 Qe2+ 89. Kd4 Qd2+ 90. Kc4 Qe2+ 91.
Kc3 Qe3+ 92. Kb4 Qd4+ 93. Ka5 Qc5+ 94. Ka6 Qa3+ 95. Kb5 Qd3+ 96. Kc5 Qe3+ 97.
Kd6 Qf4+ 98. Ke6 Qh6+ 99. Kf5 Qh5+ 100. Kf4 Qh2+ 101. Kg4 Qg1+ 102. Kh3 Qe3+
103. Kh2 Qf4+ 104. Kg2 Qg4+ 105. Kf2 Qd4+ 106. Kf3 Qf6+ 107. Ke3 Qg5+ 108. Kd4
Qd2+ 109. Ke5 Qg5+ 110. Kd6 Qf4+ 111. Ke7 Qg5+ 112. Kf7 Qf4+ 113. Kg8 Qg5+ 114.
Kf8 Qh6+ 115. Ke8 Qe6+ 116. Kd8 Qd6+ 117. Kc8 Qf8+ 118. Kc7 Qf4+ 119. Kc8 Qf8+
120. Kc7 Qf4+ 1/2-1/2

[Event "XXVI Festival Conca della Presolana A"]
[Site "Bratto - Castione della Presolana ITA"]
[Date "2006.08.19"]
[Round "1"]
[White "Johansson, Alexander"]
[Black "Novelli, Cristiano"]
[Result "1/2-1/2"]
[WhiteElo "1921"]
[BlackElo "2145"]
[PlyCount "46"]
[EventDate "2006.08.19"]

1. d4 d5 2. c4 e5 3. dxe5 d4 4. Nf3 Nc6 5. a3 a5 6. e3 Bg4 7. h3 Bxf3 8. Qxf3
Bc5 9. Qg3 dxe3 10. Bxe3 Bxe3 11. Qxe3 Nd4 12. Qc3 c5 13. Bd3 Qg5 14. O-O Qf4
15. Nd2 Ne7 16. Rfe1 O-O 17. Be4 Rad8 18. Re3 Nef5 19. Bxf5 Nxf5 20. Re2 Nd4
21. Re3 Nf5 22. Re2 Nd4 23. Re3 Nf5 1/2-1/2

[Event "XXVI Festival Conca della Presolana A"]
[Site "Bratto - Castione della Presolana ITA"]
[Date "2006.08.19"]
[Round "1"]
[White "Lapenna, Antonio"]
[Black "Isonzo, David"]
[Result "0-1"]
[WhiteElo "2079"]
[BlackElo "2361"]
[PlyCount "86"]
[EventDate "2006.08.19"]

1. d4 Nf6 2. Nf3 g6 3. c4 Bg7 4. Nc3 O-O 5. e4 d6 6. Be2 e5 7. O-O Nc6 8. d5
Ne7 9. Ne1 Ne8 10. Be3 f5 11. f3 f4 12. Bf2 g5 13. c5 Rf6 14. Rc1 Rh6 15. Nb5
a6 16. Na3 Nf6 17. cxd6 cxd6 18. Nc4 g4 19. Bb6 Qe8 20. fxg4 Nxe4 21. Bf3 Ng5
22. Bc7 e4 23. Nxd6 Rxd6 24. Bxd6 exf3 25. Nxf3 Bxg4 26. Bxf4 Bxf3 27. Rxf3
Nxf3+ 28. Qxf3 Qb5 29. Bd6 Qb6+ 30. Bc5 Bd4+ 31. Bxd4 Qxd4+ 32. Kh1 Qxd5 33.
Qg4+ Ng6 34. h4 Kh8 35. h5 Ne7 36. Rc7 Rg8 37. Qe2 Nf5 38. Qc2 Ng3+ 39. Kg1
Qd4+ 40. Kh2 Nf1+ 41. Kh1 Qh4+ 42. Kg1 Qh2+ 43. Kxf1 Qh1+ 0-1

[Event "XXVI Festival Conca della Presolana A"]
[Site "Bratto - Castione della Presolana ITA"]
[Date "2006.08.19"]
[Round "1"]
[White "Magrini, Fabrizio"]
[Black "Efimov, Igor"]
[Result "0-1"]
[WhiteElo "2119"]
[BlackElo "2439"]
[PlyCount "44"]
[EventDate "2006.08.19"]

1. e4 c5 2. Nf3 Nc6 3. d4 cxd4 4. Nxd4 Nf6 5. Nc3 d6 6. Bg5 Bd7 7. Qd2 Rc8 8.
f4 Nxd4 9. Qxd4 Qa5 10. Bc4 e6 11. O-O-O Qc5 12. Bb3 Qxd4 13. Rxd4 h6 14. Bh4
Bc6 15. Rhd1 Nd7 16. f5 Nc5 17. Re1 Be7 18. Bxe7 Kxe7 19. g4 b5 20. h4 a5 21.
fxe6 fxe6 22. Nd5+ Bxd5 0-1

[Event "XXVI Festival Conca della Presolana A"]
[Site "Bratto - Castione della Presolana ITA"]
[Date "2006.08.19"]
[Round "1"]
[White "Miatello, Alberto"]
[Black "Mantovani, Renzo"]
[Result "0-1"]
[WhiteElo "2082"]
[BlackElo "2370"]
[PlyCount "88"]
[EventDate "2006.08.19"]

1. e4 c5 2. Nf3 d6 3. d4 cxd4 4. Nxd4 Nf6 5. Nc3 Nc6 6. Bg5 e6 7. Qd2 Nxd4 8.
Qxd4 Be7 9. O-O-O O-O 10. h4 a6 11. e5 dxe5 12. Qxe5 Qe8 13. Be2 Bd7 14. Rh3
Bc6 15. Rg3 Kh8 16. h5 h6 17. Bd2 Rd8 18. Rd3 Rxd3 19. Bxd3 Qb8 20. Qe2 Qh2 21.
g4 Qg2 22. g5 hxg5 23. Qe5 Nxh5 24. f4 Qh2 25. Ne4 Nxf4 26. Kb1 Qh5 27. Rf1
Nxd3 28. cxd3 Qh3 29. Ng3 f6 30. Qc7 Re8 31. Rf2 e5 32. Nf5 Qxd3+ 33. Kc1 Qd8
34. Rh2+ Kg8 35. Nxe7+ Qxe7 36. Qb6 Rd8 37. Qb3+ Bd5 38. Qh3 Qc5+ 39. Bc3 Kf7
40. Qh5+ Ke7 41. Re2 Bxa2 42. Qg6 Kf8 43. Qf5 Bb3 44. Re1 Qe3+ 0-1

[Event "XXVI Festival Conca della Presolana A"]
[Site "Bratto - Castione della Presolana ITA"]
[Date "2006.08.19"]
[Round "1"]
[White "Milazzo, Mario"]
[Black "Piscopo, Pierluigi"]
[Result "0-1"]
[WhiteElo "2110"]
[BlackElo "2393"]
[PlyCount "60"]
[EventDate "2006.08.19"]

1. e4 c5 2. d4 cxd4 3. c3 Nf6 4. e5 Nd5 5. Qxd4 e6 6. Nf3 Nc6 7. Qe4 d6 8. Bc4
Be7 9. O-O dxe5 10. Nxe5 Qc7 11. Nxc6 bxc6 12. Nd2 O-O 13. Nf3 Bb7 14. Bg5 Bxg5
15. Nxg5 Nf6 16. Qe2 Rae8 17. Rfe1 e5 18. Ne4 Nd5 19. Nc5 Nf4 20. Qe4 Bc8 21.
Re3 Kh8 22. Rae1 Ng6 23. f3 f5 24. Qc2 Qe7 25. b4 Qh4 26. Bb3 f4 27. R3e2 Rf5
28. Qe4 Rh5 29. h3 Bxh3 30. Rf2 Bf5 0-1

[Event "XXVI Festival Conca della Presolana A"]
[Site "Bratto - Castione della Presolana ITA"]
[Date "2006.08.19"]
[Round "1"]
[White "Nardelli, Marco"]
[Black "Drasko, Milan"]
[Result "0-1"]
[WhiteElo "2123"]
[BlackElo "2521"]
[PlyCount "60"]
[EventDate "2006.08.19"]

1. e4 e6 2. d4 d5 3. Nc3 Bb4 4. e5 Ne7 5. a3 Bxc3+ 6. bxc3 c5 7. Qg4 O-O 8. Bd3
Nbc6 9. Nf3 f5 10. exf6 Rxf6 11. Qh5 h6 12. O-O c4 13. Be2 Bd7 14. Bd2 Ng6 15.
Rae1 Qc7 16. Bd1 Raf8 17. Bg5 Nf4 18. Bxf4 Rxf4 19. Ne5 R8f5 20. Qe2 Nxe5 21.
dxe5 Re4 22. Qd2 Qxe5 23. Bf3 Rxe1 24. Rxe1 Qd6 25. a4 b6 26. Re4 Qa3 27. Rg4
Bxa4 28. h4 Rf6 29. Qd4 Qf8 30. Rg3 Bxc2 0-1

[Event "XXVI Festival Conca della Presolana A"]
[Site "Bratto - Castione della Presolana ITA"]
[Date "2006.08.19"]
[Round "1"]
[White "Pace, Pietro Dario"]
[Black "You Zi Chih, Stefano"]
[Result "1-0"]
[WhiteElo "2228"]
[BlackElo "2038"]
[PlyCount "85"]
[EventDate "2006.08.19"]

1. e4 e5 2. Nf3 Nc6 3. Bb5 a6 4. Ba4 Nf6 5. O-O Be7 6. Re1 b5 7. Bb3 O-O 8. h3
d6 9. c3 Na5 10. Bc2 c5 11. d4 Qc7 12. Nbd2 cxd4 13. cxd4 Nc6 14. d5 Nb4 15.
Bb1 a5 16. a3 Na6 17. b4 axb4 18. axb4 Qc3 19. Ra2 Bd7 20. Re3 Qc7 21. Ba3 Rfc8
22. Nb3 Bd8 23. Qd2 Qb7 24. Bb2 Bb6 25. Re2 Nh5 26. Nxe5 dxe5 27. Bxe5 Bd8 28.
Bb2 Qc7 29. Bd4 Qc4 30. Nc5 Qxb4 31. Qxb4 Nxb4 32. Rxa8 Rxa8 33. Nxd7 Rc8 34.
Be3 Nf6 35. Ne5 Be7 36. Nf3 Na6 37. Rb2 b4 38. Bd3 Ra8 39. Ra2 b3 40. Rxa6 Rxa6
41. Bxa6 Nxe4 42. Bd4 Bd6 43. Bd3 1-0

[Event "XXVI Festival Conca della Presolana A"]
[Site "Bratto - Castione della Presolana ITA"]
[Date "2006.08.19"]
[Round "1"]
[White "Paolinelli, Giacomo"]
[Black "Cugini, Verter"]
[Result "1-0"]
[WhiteElo "2023"]
[BlackElo "2209"]
[PlyCount "87"]
[EventDate "2006.08.19"]

1. e4 e6 2. d3 b5 3. Nf3 Bb7 4. Nbd2 c5 5. g3 d5 6. Bg2 dxe4 7. dxe4 Nc6 8. Qe2
Qb6 9. c3 Nf6 10. O-O Be7 11. e5 Nd7 12. b3 O-O 13. Re1 Rfd8 14. Nf1 a5 15. Bf4
a4 16. h4 axb3 17. axb3 Na5 18. Rab1 Nf8 19. Ne3 Rd7 20. h5 Rad8 21. Ng4 Rd3
22. Rec1 b4 23. Ne3 Rxc3 24. Rxc3 bxc3 25. Qc2 Qb4 26. Nd1 Bd5 27. Nxc3 Bxb3
28. Qb2 c4 29. Bd2 Qb6 30. Ra1 Bc5 31. Ne4 Nb7 32. Nxc5 Qxc5 33. Bc3 Qc8 34.
Nd4 Nc5 35. Nc6 Re8 36. Ra7 Na4 37. Qa1 Nxc3 38. Qxc3 Kh8 39. Rxf7 Ba4 40. Qb4
Bxc6 41. Bxc6 Rd8 42. Bb7 Qb8 43. Qe7 Re8 44. Qg5 1-0

[Event "XXVI Festival Conca della Presolana A"]
[Site "Bratto - Castione della Presolana ITA"]
[Date "2006.08.19"]
[Round "1"]
[White "Pegoraro, Nicola"]
[Black "Bentivegna, Francesco"]
[Result "1/2-1/2"]
[WhiteElo "2047"]
[BlackElo "2269"]
[PlyCount "59"]
[EventDate "2006.08.19"]

1. e4 d5 2. d4 dxe4 3. Nc3 Nf6 4. f3 c6 5. Bc4 e3 6. Bxe3 g6 7. Nge2 Bg7 8. Qd2
h5 9. Ng3 Nbd7 10. Nge4 Nb6 11. Nxf6+ Bxf6 12. Bb3 a5 13. a4 Nd5 14. Nxd5 cxd5
15. O-O h4 16. Rfe1 Rh5 17. Bf4 Qb6 18. Rad1 Be6 19. Kh1 Rf5 20. h3 Rd8 21. Be3
Qc7 22. c3 Qd7 23. Bc2 Rh5 24. Bd3 Kf8 25. Bb5 Qc8 26. Kg1 Kg8 27. Bf4 Bd7 28.
Qe2 Bf5 29. Qd2 Bd7 30. Qe2 1/2-1/2

[Event "XXVI Festival Conca della Presolana A"]
[Site "Bratto - Castione della Presolana ITA"]
[Date "2006.08.19"]
[Round "1"]
[White "Piemonti, Carlo"]
[Black "Lucaroni, Massimiliano"]
[Result "0-1"]
[WhiteElo "2058"]
[BlackElo "2293"]
[PlyCount "114"]
[EventDate "2006.08.19"]

1. e4 e5 2. Nf3 Nc6 3. Bb5 Nf6 4. O-O Bc5 5. c3 O-O 6. d4 Bb6 7. Re1 d6 8. h3
Bd7 9. Bg5 Nxd4 10. Nxd4 exd4 11. Bxd7 dxc3 12. Nxc3 Qxd7 13. Bxf6 gxf6 14. Nd5
Qe6 15. Qf3 Kh8 16. Rad1 Rg8 17. Nxf6 Rg6 18. Nd5 Rag8 19. Qc3+ Qe5 20. Qxe5+
dxe5 21. g4 Rd8 22. Nxb6 Rxd1 23. Rxd1 Rxb6 24. b3 Kg7 25. Kg2 Rc6 26. Rd3 Rc2
27. a4 b6 28. Kg3 c5 29. Rd7 a6 30. Rd3 b5 31. axb5 axb5 32. f3 Kf6 33. Rd8 Ke7
34. Rb8 b4 35. Rc8 Rc3 36. Rc7+ Kd6 37. Rxf7 Rxb3 38. Rxh7 Rb1 39. Rh6+ Ke7 40.
Rc6 b3 41. Rxc5 b2 42. Rxe5+ Kf6 43. Kf4 Rg1 44. Rb5 b1=Q 45. Rxb1 Rxb1 46. h4
Ra1 47. e5+ Ke6 48. h5 Ra3 49. h6 Kf7 50. g5 Kg6 51. Kg4 Ra1 52. e6 Rg1+ 53.
Kf4 Re1 54. h7 Kxh7 55. Kf5 Kg7 56. f4 Re2 57. g6 Re1 0-1

[Event "XXVI Festival Conca della Presolana A"]
[Site "Bratto - Castione della Presolana ITA"]
[Date "2006.08.19"]
[Round "1"]
[White "Podini, Francesco"]
[Black "Guido, Flavio"]
[Result "0-1"]
[WhiteElo "2069"]
[BlackElo "2323"]
[PlyCount "66"]
[EventDate "2006.08.19"]

1. e4 c5 2. Nc3 e6 3. f4 d5 4. Nf3 dxe4 5. Nxe4 Nc6 6. Bb5 Bd7 7. O-O Be7 8. d3
Nh6 9. c3 O-O 10. Qe2 Qc7 11. Bxc6 Bxc6 12. Ne5 Be8 13. Bd2 Rd8 14. Rad1 b5 15.
Bc1 a6 16. Ng3 Rd5 17. c4 Rd8 18. f5 Nxf5 19. Nxf5 exf5 20. Rxf5 f6 21. Ng4 Bg6
22. Rf3 Bd6 23. Rh3 Rfe8 24. Qf1 Be5 25. cxb5 axb5 26. Kh1 Bd4 27. Ne3 Qd7 28.
b3 Re5 29. Nc2 Rd5 30. Ne1 Bc3 31. Be3 Re8 32. Nc2 Bxd3 33. Bxc5 Bxf1 0-1

[Event "XXVI Festival Conca della Presolana A"]
[Site "Bratto - Castione della Presolana ITA"]
[Date "2006.08.19"]
[Round "1"]
[White "Raselli, Claudio"]
[Black "Pantaleoni, Claudio"]
[Result "1/2-1/2"]
[WhiteElo "2034"]
[BlackElo "2222"]
[PlyCount "133"]
[EventDate "2006.08.19"]

1. d4 e6 2. Nf3 c5 3. c3 Nf6 4. Bf4 cxd4 5. cxd4 Qb6 6. Qb3 Qxb3 7. axb3 Nc6 8.
Nbd2 Bb4 9. e3 Ne4 10. Bd3 Nxd2 11. Nxd2 O-O 12. Ke2 d5 13. Rhc1 Bd7 14. Nf3 f6
15. h3 a6 16. Bc7 Rac8 17. Bb6 e5 18. e4 dxe4 19. Bxe4 exd4 20. Bd5+ Kh8 21.
Nxd4 Nxd4+ 22. Bxd4 Bb5+ 23. Bc4 Bc6 24. Kf1 Rcd8 25. Rd1 Rfe8 26. Bb6 Rxd1+
27. Rxd1 g6 28. Rd8 Rxd8 29. Bxd8 Kg7 30. Bb6 Bd6 31. Bd4 Be5 32. Bc3 Kf8 33.
f3 Ke7 34. Ke2 Kd6 35. Bb4+ Kd7 36. Bc3 Kd6 37. Bb4+ Kc7 38. Bc3 Bxc3 39. bxc3
Kd6 40. b4 Ke5 41. Ke3 g5 42. g3 Bd7 43. f4+ Kd6 44. fxg5 fxg5 45. h4 gxh4 46.
gxh4 Ke5 47. Bd3 Bf5 48. Bc4 h6 49. Be2 Bc8 50. Bf3 b6 51. Bc6 Be6 52. Bb7 a5
53. bxa5 bxa5 54. Kd3 Bd5 55. Ba6 Kf4 56. c4 Bg2 57. Bb5 Kg4 58. Ke3 Kxh4 59.
c5 Kg3 60. c6 h5 61. c7 Bh3 62. Ba6 a4 63. c8=Q Bxc8 64. Bxc8 a3 65. Be6 h4 66.
Kd2 h3 67. Kc3 1/2-1/2

[Event "XXVI Festival Conca della Presolana A"]
[Site "Bratto - Castione della Presolana ITA"]
[Date "2006.08.19"]
[Round "1"]
[White "Ricca, Giorgio"]
[Black "Mogranzini, Roberto"]
[Result "0-1"]
[WhiteElo "2078"]
[BlackElo "2352"]
[PlyCount "23"]
[EventDate "2006.08.19"]

1. e4 c5 2. Nc3 Nc6 3. f4 g6 4. Nf3 Bg7 5. Bb5 Nd4 6. Nxd4 cxd4 7. Ne2 Nh6 8.
Ng3 O-O 9. d3 Qa5+ 10. Bd2 Qxb5 11. O-O f5 12. h3 0-1

[Event "XXVI Festival Conca della Presolana A"]
[Site "Bratto - Castione della Presolana ITA"]
[Date "2006.08.19"]
[Round "1"]
[White "Rombaldoni, Axel"]
[Black "Djabri, Katherine"]
[Result "1-0"]
[WhiteElo "2169"]
[BlackElo "2009"]
[PlyCount "87"]
[EventDate "2006.08.19"]

1. e4 c5 2. Nf3 Nc6 3. d4 cxd4 4. Nxd4 e5 5. Nb5 d6 6. a4 a6 7. N5a3 f5 8. Nc3
fxe4 9. Bc4 Nf6 10. Bg5 Be7 11. Bxf6 Bxf6 12. Qd5 Qc7 13. Nxe4 Qa5+ 14. Qxa5
Nxa5 15. Nxd6+ Ke7 16. O-O-O Nxc4 17. Naxc4 b5 18. Nb6 Bg4 19. f3 Bg5+ 20. Kb1
Rab8 21. fxg4 Rxb6 22. Nf5+ Kf6 23. h4 Bf4 24. g3 g6 25. Nd6 Ke6 26. Ne4 Bh6
27. Nc5+ Ke7 28. Rhe1 Rc8 29. Rxe5+ Kf7 30. Nd7 Re6 31. axb5 axb5 32. Rxb5 Re3
33. Rf1+ Ke6 34. Nf6 Rxg3 35. Nxh7 Rc7 36. Rb6+ Ke5 37. Re1+ Kd4 38. Nf6 Rg2
39. Rd6+ Kc4 40. Red1 Bf8 41. b3+ Kb5 42. c4+ Ka5 43. R1d5+ Kb4 44. Rb5+ 1-0

[Event "XXVI Festival Conca della Presolana A"]
[Site "Bratto - Castione della Presolana ITA"]
[Date "2006.08.19"]
[Round "1"]
[White "Schuurman, Petra"]
[Black "Beccaris, Gabriele"]
[Result "1-0"]
[WhiteElo "2219"]
[BlackElo "2025"]
[PlyCount "121"]
[EventDate "2006.08.19"]

1. d4 Nf6 2. c4 e6 3. Nc3 c5 4. d5 exd5 5. cxd5 d6 6. Nf3 g6 7. Nd2 Na6 8. e4
Nc7 9. Be2 Bg7 10. O-O O-O 11. Re1 Re8 12. a4 a6 13. Qc2 Rb8 14. Nc4 b5 15.
axb5 axb5 16. Na5 Bd7 17. f3 Rb6 18. Kh1 Na6 19. Bg5 Qc7 20. Qd2 c4 21. Na2 Nc5
22. Nb4 Nfxe4 23. fxe4 Nxe4 24. Qf4 Nxg5 25. Qxg5 Bxb2 26. Ra2 Bc3 27. Rb1 Bf5
28. Rf1 Bxb4 29. Nc6 Rxc6 30. dxc6 Re5 31. Qf6 Qxc6 32. Bf3 Qd7 33. Ra8+ Re8
34. Rfa1 Bc5 35. Bd5 Be6 36. Rxe8+ Qxe8 37. Ra8 Qxa8 38. Bxa8 b4 39. Be4 b3 40.
g4 Bb4 41. Qd4 Bc5 42. Qf6 Bb4 43. Qd4 Bc5 44. Qd2 Kf8 45. g5 Ke7 46. Kg2 Kd7
47. Kf3 Ke7 48. Ke2 Ba3 49. Qa5 Bc5 50. Kd2 Kf8 51. Kc3 Kg7 52. Qd8 Ba3 53. h4
Bc5 54. Qf6+ Kf8 55. Bc6 Kg8 56. Bd7 b2 57. Kxb2 Bd4+ 58. Qxd4 Bxd7 59. Qxd6
Be6 60. Kc3 Kg7 61. Qd8 1-0

[Event "XXVI Festival Conca della Presolana A"]
[Site "Bratto - Castione della Presolana ITA"]
[Date "2006.08.19"]
[Round "1"]
[White "Scotti, Umberto"]
[Black "D'Apa, Matteo"]
[Result "1-0"]
[WhiteElo "2207"]
[BlackElo "2020"]
[PlyCount "73"]
[EventDate "2006.08.19"]

1. d4 d5 2. Nf3 Nf6 3. Bf4 c6 4. Nbd2 Bg4 5. e3 e6 6. h3 Bh5 7. Be2 Bd6 8. Bxd6
Qxd6 9. O-O O-O 10. c4 Nbd7 11. c5 Qc7 12. b4 Rfe8 13. a4 e5 14. dxe5 Nxe5 15.
Nxe5 Bxe2 16. Qxe2 Qxe5 17. Nf3 Qc3 18. Rab1 Ne4 19. Rfc1 Qf6 20. Qb2 Qxb2 21.
Rxb2 f6 22. Nd4 Rec8 23. f3 Ng5 24. b5 Re8 25. bxc6 bxc6 26. Kf2 Ne6 27. Rb7
Nd8 28. Rc7 Rb8 29. Rc2 a5 30. Nxc6 Nxc6 31. Rxc6 Rb3 32. Rd6 Rbxe3 33. Rxd5
R3e5 34. Rxe5 fxe5 35. Ke3 Kf7 36. Ke4 Ke6 37. Rb2 1-0

[Event "XXVI Festival Conca della Presolana A"]
[Site "Bratto - Castione della Presolana ITA"]
[Date "2006.08.19"]
[Round "1"]
[White "Shytaj, Luca"]
[Black "Vinzoni, Andrea"]
[Result "1-0"]
[WhiteElo "2433"]
[BlackElo "2116"]
[PlyCount "63"]
[EventDate "2006.08.19"]

1. e4 e6 2. d4 d5 3. Nd2 c5 4. exd5 Qxd5 5. Ngf3 cxd4 6. Bc4 Qd6 7. O-O Nc6 8.
Nb3 Nf6 9. Nbxd4 Nxd4 10. Nxd4 a6 11. Re1 Qc7 12. Qe2 Be7 13. a4 O-O 14. Bg5
Re8 15. Bb3 b6 16. Bh4 Bb7 17. Bg3 Bd6 18. Bxd6 Qxd6 19. Rad1 Qf4 20. Qe3 Qxe3
21. Rxe3 Rad8 22. Ree1 g6 23. c3 Nd5 24. Bc2 Nf4 25. f3 e5 26. Nb3 Bd5 27. a5
bxa5 28. Nxa5 f6 29. Ba4 Rf8 30. g3 Nh3+ 31. Kg2 Ng5 32. Rxd5 1-0